000 01227nam a22003851 4500
001 8316
003 BD RJUL
005 20211208234550.0
008 180114m19561960njua b 000 0 eng c
035 _aBD RJUL 8361
035 _a(OCoLC)00224737
035 _aGLIS00554822
035 _a(OCoLC)00529167
035 _a(OCoLC)12347358
040 _aDLC/ICU
_cCGU
_dm.c.
_dBD RJUL
_beng
041 _aeng
082 _a531.32
_bCON 1956
090 _aQA871
_b.L495
099 _aQA871.L495
100 1 _aLefschetz, Solomon,
_d1884-1972.
_920492
245 1 0 _aContributions to the theory of nonlinear oscillations /
_c[by] S.P. Diliberto [and others].
260 _aPrinceton :
_bPrinceton University Press,
_c1956.
300 _a v.
_bill.;
_c23 cm.
490 1 _aAnnals of mathematics studies,
_v20, 29, 36, 41, 45
500 _aVol. 5 edited by L. Cesari, J. LaSalle, and S. Lefschetz.
504 _aIncludes bibliographies.
505 _aVol.1--
650 0 _aOscillations.
_921041
700 1 _aCesari, Lamberto.
_923045
830 0 _vno. 20, etc.
_9162573
830 0 _aAnnals of mathematics studies ;
_9162574
942 _2ddc
_cBK
949 _aMYGE
_vv
_1a
_2a
_3a
_5a
_1a
_2a
_3a
_4a
_5a
999 _c8316
_d8316